000 00592nam a22001937a 4500
999 _c525431
_d525431
003 NUST
005 20190702061755.0
008 190702b ||||| |||| 00| 0 eng d
038 _aMr. Zahoor
082 _a621.39
100 _aArshad, Sahar
_916299
245 _aBroker based QoS Centric Federated Cloud Framework with Financial Options /
_cSahar Arshad
260 _aIslamabad :
_bCEME - NUST,
_c2015.
300 _axi, 75 p. : ill. ;
_c30cm.
500 _aHardcover.
650 _aComputer Engineering - MS Thesis
_916083
700 _aDr. Shoab Ahmed Khan
_916053
942 _2ddc
_cTHE